[Event "NZL-ch 107th"]
[Site "Auckland"]
[Date "2000.01.07"]
[Round "10"]
[White "Green, Ewen M"]
[Black "Gibbons, Robert"]
[Result "1-0"]
[WhiteElo "2265"]
[BlackElo "2200"]
[PlyCount "33"]
[EventDate "1999.12.28"]
[Source "ChessBase"]
[SourceDate "2000.03.10"]

1. e4 e5 2. Nf3 Nc6 3. Bb5 Nf6 4. O-O d6 5. d4 Bd7 6. Nc3 Be7 7. Re1 O-O 8. Bxc6 Bxc6 9. dxe5 dxe5 10. Qxd8 Raxd8 11. Nxe5 Bxe4 12. Nxe4 Nxe4 13. Nd3 f5 14. f3 Bc5+ 15. Nxc5 Nxc5 16. Bg5 Rde8 17. Be7 1-0

[Event "Wch U20"]
[Site "Graz"]
[Date "1978.??.??"]
[Round "4"]
[White "Restrepo, G."]
[Black "Barbero, Gerardo F"]
[Result "0-1"]
[WhiteElo "2200"]
[BlackElo "2200"]
[PlyCount "103"]
[EventDate "1978.09.??"]
[Source "ChessBase"]

1. e4 e5 2. Nf3 Nc6 3. Bb5 Nf6 4. O-O d6 5. d4 Bd7 6. Nc3 Be7 7. Re1 exd4 8. Nxd4 O-O 9. Bxc6 bxc6 10. Qf3 c5 11. Nf5 Bxf5 12. Qxf5 Nd7 13. Nd5 Nb6 14. Bf4 g6 15. Nxe7+ Qxe7 16. Qg4 f6 17. h4 Qd7 18. Qg3 Rae8 19. a4 Rf7 20. b3 Qc6 21. f3 Rfe7 22. Qf2 Re6 23. Bg3 R8e7 24. Qd2 Qe8 25. Rad1 Kg7 26. Qa5 Qb8 27. Qb5 Nd7 28. c3 Qe8 29. Kf1 Kh8 30. b4 Qc8 31. Qc6 Kg7 32. bxc5 Nxc5 33. Rxd6 Nb7 34. Rxe6 Rxe6 35. Qd5 Nd8 36. Rd1 Nf7 37. Kg1 Qa6 38. Qb5 Qxb5 39. axb5 c6 40. Bf2 cxb5 41. Bxa7 Rc6 42. Bd4 Kf8 43. Rb1 Nd6 44. Ra1 Ke7 45. Ra7+ Ke6 46. Rxh7 Rc4 47. Rg7 b4 48. Kf2 b3 49. e5 b2 50. exd6 b1=Q 51. d7 Qb2+ 52. Kg3 0-1

[Event "URS Ch sf"]
[Site "Barnaul"]
[Date "1984.??.??"]
[Round "?"]
[White "Graf, Alexander"]
[Black "Ilinsky, Vladimir"]
[Result "1/2-1/2"]
[WhiteElo "2200"]
[BlackElo "2200"]
[PlyCount "81"]
[EventDate "1984.08.??"]
[Source "www.chesslib.no"]
[SourceDate "2004.05.04"]

1. e4 e5 2. Nf3 Nc6 3. Bb5 Nf6 4. O-O d6 5. d4 Bd7 6. Nc3 Be7 7. Re1 exd4 8. Nxd4 O-O 9. Bxc6 bxc6 10. Qf3 Re8 11. Bf4 c5 12. Nb3 Rb8 13. Rab1 Bg4 14. Qd3 Nh5 15. Bd2 c6 16. h3 Be6 17. Qf3 g6 18. Red1 Bf6 19. g4 c4 20. Nc1 Bg5 21. N1e2 d5 22. Nd4 Bd7 23. exd5 Bxd2 24. Rxd2 c5 25. Ne6 fxe6 26. dxe6 Rxe6 27. gxh5 Qg5+ 28. Qg3 Qxd2 29. Qxb8+ Re8 30. Qg3 Bc6 31. hxg6 Re6 32. gxh7+ Kxh7 33. Kh2 Rg6 34. Qh4+ Kg7 35. Ne4 Bxe4 36. Qxe4 Qxf2+ 37. Kh1 Rg3 38. Qe7+ Kg8 39. Qd8+ Kf7 40. Qc7+ Kf8 41. Qb8+ 1/2-1/2

[Event "Catalunya Team Ch"]
[Site "Catalunya"]
[Date "1996.??.??"]
[Round "?"]
[White "Muriel Rojas, Francisco"]
[Black "Arias Boo, Guillermo"]
[Result "1/2-1/2"]
[WhiteElo "2220"]
[BlackElo "2145"]
[PlyCount "37"]
[EventDate "1996.??.??"]
[Source "www.chesslib.no"]
[SourceDate "2004.05.04"]

1. e4 e5 2. Nf3 Nc6 3. Bb5 Nf6 4. O-O d6 5. d4 Bd7 6. Nc3 Be7 7. Re1 exd4 8. Nxd4 O-O 9. Bf1 Re8 10. h3 Nxd4 11. Qxd4 Bc6 12. Bd2 d5 13. exd5 Nxd5 14. Nxd5 Qxd5 15. Qxd5 Bxd5 16. c4 Bc6 17. Bc3 a5 18. a3 a4 19. g3 1/2-1/2

[Event "Lisbon Summer op"]
[Site "Lisbon"]
[Date "2000.08.22"]
[Round "2"]
[White "Leonardo, Joao"]
[Black "Henriques, Sofia"]
[Result "1-0"]
[WhiteElo "2301"]
[BlackElo "2032"]
[PlyCount "99"]
[EventDate "2000.08.21"]
[Source "www.chesslib.no"]
[SourceDate "2004.05.04"]

1. e4 e5 2. Nf3 Nc6 3. Bb5 Nf6 4. O-O d6 5. d4 Bd7 6. Nc3 Be7 7. Bxc6 Bxc6 8. dxe5 dxe5 9. Qe2 Nd7 10. Rd1 Bf6 11. Be3 O-O 12. Qc4 Qe7 13. a4 Rfc8 14. a5 a6 15. Rd2 Nf8 16. Rad1 Ne6 17. Nd5 Bxd5 18. Rxd5 Rd8 19. Kf1 Rxd5 20. exd5 Nf8 21. Qb3 c6 22. dxc6 bxc6 23. Qc4 Qe6 24. Nd2 Bd8 25. b4 Bc7 26. c3 f6 27. Bc5 Qxc4+ 28. Nxc4 Rd8 29. Ra1 Ne6 30. Bb6 Rd3 31. Rc1 Kf7 32. g3 Kg6 33. Ke2 Rd7 34. Rc2 Kf7 35. h4 h5 36. Rd2 Rxd2+ 37. Nxd2 Bb8 38. Kd3 f5 39. Be3 f4 40. Bb6 g5 41. Ne4 fxg3 42. fxg3 g4 43. c4 Ke7 44. b5 cxb5 45. cxb5 Nd4 46. bxa6 Nb5 47. Kc4 Na7 48. Bxa7 Bxa7 49. Kd5 Bb8 50. Nc3 1-0

[Event "LXVIII ch-CRC"]
[Site "?"]
[Date "2005.07.08"]
[Round "5"]
[White "Alfaro Carlos"]
[Black "Murillo Alexis"]
[Result "0-1"]
[WhiteElo "1931"]
[BlackElo "2362"]
[PlyCount "76"]
[EventDate "2005.??.??"]
[Source "www.chesslib.no"]
[SourceDate "2004.05.04"]

1. e4 e5 2. Nf3 Nc6 3. Bb5 Nf6 4. O-O d6 5. d4 Bd7 6. Nc3 Be7 7. dxe5 Nxe5 8. Nxe5 dxe5 9. Bxd7+ Qxd7 10. Bg5 c6 11. a4 h6 12. Qxd7+ Nxd7 13. Bxe7 Kxe7 14. a5 Nc5 15. b4 Ne6 16. Na4 Rhd8 17. Rad1 Nd4 18. c3 Ne2+ 19. Kh1 b5 20. axb6 Rxd1 21. Rxd1 axb6 22. Nxb6 Nxc3 23. Nxa8 Nxd1 24. Kg1 Nc3 25. Nb6 Nxe4 26. Nc4 Ke6 27. g4 Nf6 28. Ne3 Nd5 29. Nc2 Nf4 30. Kf1 g6 31. f3 Kd5 32. Na3 Kd4 33. b5 cxb5 34. Nxb5+ Ke3 35. Nd6 f6 36. Ne4 Kxf3 37. Nxf6 e4 38. Ke1 e3 0-1

[Event "otb"]
[Site "otb"]
[Date "2007.04.05"]
[Round "5"]
[White "Ferrer Serrabssa Jordi"]
[Black "Mir Vinas P"]
[Result "0-1"]
[WhiteElo "2049"]
[BlackElo "1950"]
[PlyCount "70"]
[Source "www.chesslib.no"]
[SourceDate "2004.05.04"]

1. e4 e5 2. Nf3 Nc6 3. Bb5 Nf6 4. O-O d6 5. d4 Bd7 6. Nc3 Be7 7. Re1 O-O 8. Bxc6 Bxc6 9. Qd3 Nd7 10. d5 Nc5 11. Qc4 Be8 12. Be3 Nd7 13. a4 f5 14. exf5 Rxf5 15. Qg4 Bg6 16. Ne4 Nf6 17. Nxf6+ Bxf6 18. h4 Qe8 19. Ng5 Bxg5 20. Bxg5 Qf7 21. f3 h6 22. Bd2 Kh7 23. c4 Rf8 24. Ra3 Kh8 25. Qh3 Rf6 26. Ree3 e4 27. fxe4 Rf1+ 28. Kh2 Qf2 29. Rf3 Qxd2 30. h5 Bxe4 31. Rxf1 Rxf1 32. Qc8+ Kh7 33. Rg3 Qf4 34. Qd8 Rh1+ 35. Kxh1 Qxg3 0-1

[Event "FRA-chT 0102 U18"]
[Site "?"]
[Date "2002.05.09"]
[Round "10.2"]
[White "Pieroni Guillaume"]
[Black "Iglesias Joachim"]
[Result "0-1"]
[WhiteElo "2029"]
[BlackElo "1800"]
[PlyCount "57"]
[EventDate "2002.??.??"]
[Source "www.chesslib.no"]
[SourceDate "2004.05.04"]

1. e4 e5 2. Nf3 Nc6 3. Bb5 Nf6 4. O-O d6 5. d4 Bd7 6. Nc3 Be7 7. Re1 exd4 8. Nxd4 Nxd4 9. Qxd4 Bxb5 10. Nxb5 a6 11. Nc3 O-O 12. h3 Re8 13. Be3 Nd7 14. Nd5 Bf6 15. Nxf6+ Qxf6 16. Qc4 Ne5 17. Qc3 Qg6 18. Bf4 Nc6 19. Re3 Rxe4 20. Rg3 Nd4 21. Qxc7 Ne2+ 22. Kh2 Nxg3 23. Qxb7 Rae8 24. Bxg3 h5 25. h4 f5 26. Qd5+ Qe6 27. Qd2 Qf6 28. Qxd6 f4 29. Qd5+ 0-1

[Event "Corr"]
[Site "?"]
[Date "2003.03.18"]
[Round "?"]
[White "Coyne David"]
[Black "Iglesias Manuel"]
[Result "1-0"]
[WhiteElo "1851"]
[BlackElo "1690"]
[PlyCount "43"]
[EventDate "2003.??.??"]
[Source "www.chesslib.no"]
[SourceDate "2004.05.04"]

1. e4 e5 2. Nf3 Nc6 3. Bb5 Nf6 4. O-O d6 5. d4 Bd7 6. Nc3 Be7 7. Bg5 exd4 8. Nxd4 O-O 9. Bxc6 bxc6 10. Re1 Re8 11. Qd3 Ng4 12. Bxe7 Qxe7 13. Qg3 Rab8 14. Rab1 f5 15. f3 Ne5 16. f4 Nc4 17. b3 Na3 18. Rbd1 fxe4 19. Nxe4 Qf8 20. Ng5 c5 21. Qd3 cxd4 22. Qxh7# 1-0

[Event "Corr"]
[Site "?"]
[Date "2000.10.23"]
[Round "?"]
[White "Marim Milton"]
[Black "Da Cruz Eudo Avelino"]
[Result "1/2-1/2"]
[WhiteElo "1525"]
[BlackElo "1360"]
[PlyCount "50"]
[EventDate "2000.??.??"]
[Source "www.chesslib.no"]
[SourceDate "2004.05.04"]

1. e4 e5 2. Nf3 Nc6 3. Bb5 Nf6 4. O-O d6 5. d4 Bd7 6. Nc3 Be7 7. Re1 exd4 8. Nxd4 Nxd4 9. Bxd7+ Nxd7 10. Qxd4 Bf6 11. Qe3 O-O 12. Nd5 Ne5 13. Nxf6+ Qxf6 14. Rb1 Rfe8 15. b3 Ng4 16. Qg3 h5 17. Bb2 Qg6 18. f3 Ne5 19. Bxe5 Rxe5 20. Qxg6 fxg6 21. c4 g5 22. Rbd1 Rae8 23. Rd5 Kf7 24. Rxe5 Rxe5 25. g3 a5 1/2-1/2